000 01036nam a2200205 4500
005 20251022114240.0
008 251022b |||||||| |||| 00| 0 eng d
020 _a9788126940356
037 _cTextual
040 _aRTL
_cRTL
084 _qRTL
100 _aSahu, Anandi P.
_9849136
245 _aFinancial planning: Theory and practice
260 _aNew Delhi
_bAtlantic publishers & distributor (p) Ltd.
300 _axix, 398 p.
_bIncludes bibliographical reference and index
520 _aAn all-encompassing companion to understanding the nuances of the financial planning process. This comprehensive text is the outcome of decades of teaching and practical experience of the authors in the field of financial planning. It is the first Indian adaptation of Practising Financial Planning for Professionals (now in its 11th edition in the United States), which is already a classic textbook.
700 _aMittra, Sid
_eCo-author
_9849137
700 _aRai, Shailendra kumar
_eCo-author
_9849138
942 _2CC
_n0
_cTEXL
999 _c1464947
_d1464947